La nueva ley de arrendamientos rústicos de 15 de julio de 1954 (Record no. 145054)

MARC details
000 -LEADER
campo de control de longitud fija 00553nam a2200169 4500
001 - NÚMERO DE CONTROL
campo de control 145054
003 - IDENTIFICADOR DE NÚMERO DE CONTROL
campo de control ES-MaACL
005 - FECHA Y HORA DE LA ÚLTIMA TRANSACCIÓN
campo de control 20230906201144.0
007 - CAMPO FIJO DE DESCRIPCIÓN FÍSICA--INFORMACIÓN GENERAL
campo de control de longitud fija t|
008 - DATOS DE LONGITUD FIJA--INFORMACIÓN GENERAL
campo de control de longitud fija 070214s1954 sp r ||||1| spa d
100 1# - ENTRADA PRINCIPAL--NOMBRE DE PERSONA
Nombre de persona Soto, Julio Gonzalo.
9 (RLIN) 107493
245 13 - MENCIÓN DEL TÍTULO
Título La nueva ley de arrendamientos rústicos de 15 de julio de 1954
Resto del título : exposición de sus problemas fundamentales /
Mención de responsabilidad, etc. Julio Gonzalo Soto.
250 ## - MENCION DE EDICION
Mención de edición 2ª. ed. ampl.
260 ## - PUBLICACIÓN, DISTRIBUCIÓN, ETC.
Lugar de publicación, distribución, etc. Burgos :
Nombre del editor, distribuidor, etc. Diario de Burgos,
Fecha de publicación, distribución, etc. 1954.
300 ## - DESCRIPCIÓN FÍSICA
Extensión 61 p. ;
Dimensiones 22 cm.
852 ## - LOCALIZACIÓN
Ubicación ES-MaACL
Número de control de estantería 1989-F-10
Sublocalización o colección R.36970
Holdings
Estatus retirado Estado de pérdida Estado de daño No para préstamo Colección Biblioteca de origen Biblioteca actual Ubicación en estantería Fecha de adquisición Fuente de adquisición Total de préstamos Signatura topográfica completa Código de barras Visto por última vez Precio de reemplazo Tipo de ítem Koha
        Colección de folletos Biblioteca del Ateneo de Madrid Biblioteca del Ateneo de Madrid Depósito folletos 17/01/2008     1989-F-10 1151416 23/02/2023 23/02/2023 Folleto